000 00585nam a2200205Ia 4500
005 20250508165202.0
008 008 250505s9999 xx 000 0 eng d
037 _aTextBook
040 _aFEDL
_beng
_cFEDL
041 _aeng
_2eng
084 _a370.115, GIR/R
_qFEDL
100 _aGiroux Henry A
_9141269
245 0 _aGiroux reader
260 _aLondon, UK
_bParadigm Publishers
_c2006
300 _axxvii, 335p.
365 _aGBP
_b22.82
490 _aCultural Politics and the Promise of Democracy
942 _cTB
_h370.115, GIR/R
999 _c1393645
_d1393645